<?xml version="1.0" encoding="UTF-8"?>
<record
    xmlns:xsi="http://www.w3.org/2001/XMLSchema-instance"
    xsi:schemaLocation="http://www.loc.gov/MARC21/slim http://www.loc.gov/standards/marcxml/schema/MARC21slim.xsd"
    xmlns="http://www.loc.gov/MARC21/slim">

  <leader>00543nam a2200181Ia 4500</leader>
  <controlfield tag="008">140527s9999    xx            000 0 und d</controlfield>
  <datafield tag="020" ind1=" " ind2=" ">
    <subfield code="a">9781412903493</subfield>
  </datafield>
  <datafield tag="050" ind1=" " ind2=" ">
    <subfield code="a">HF 1379</subfield>
    <subfield code="b">.M526 2011 </subfield>
  </datafield>
  <datafield tag="100" ind1=" " ind2=" ">
    <subfield code="a">Menipaz, Ehud</subfield>
  </datafield>
  <datafield tag="245" ind1=" " ind2=" ">
    <subfield code="a">International&#xA0;business&#xA0;:</subfield>
    <subfield code="b">theory&#xA0;and&#xA0;practice&#xA0;/</subfield>
    <subfield code="c">Ehud Menipaz, Amit Menipaz.</subfield>
  </datafield>
  <datafield tag="260" ind1=" " ind2=" ">
    <subfield code="a">Thousand Oaks, CA :</subfield>
    <subfield code="b">SAGE Publications Inc,</subfield>
    <subfield code="c">c2011.</subfield>
  </datafield>
  <datafield tag="300" ind1=" " ind2=" ">
    <subfield code="a">649 p. :</subfield>
    <subfield code="c">23 cm.</subfield>
  </datafield>
  <datafield tag="500" ind1=" " ind2=" ">
    <subfield code="a">Includes index.</subfield>
  </datafield>
  <datafield tag="521" ind1=" " ind2=" ">
    <subfield code="a">BSBA</subfield>
  </datafield>
  <datafield tag="650" ind1=" " ind2=" ">
    <subfield code="a">International&#xA0;trade</subfield>
  </datafield>
  <datafield tag="942" ind1=" " ind2=" ">
    <subfield code="k">FOR</subfield>
    <subfield code="c">BK</subfield>
  </datafield>
  <datafield tag="999" ind1=" " ind2=" ">
    <subfield code="c">117393</subfield>
    <subfield code="d">117393</subfield>
  </datafield>
  <datafield tag="952" ind1=" " ind2=" ">
    <subfield code="0">0</subfield>
    <subfield code="1">0</subfield>
    <subfield code="2">lcc</subfield>
    <subfield code="4">0</subfield>
    <subfield code="a">CL</subfield>
    <subfield code="b">CL</subfield>
    <subfield code="c">GSL</subfield>
    <subfield code="d">2014-05-28</subfield>
    <subfield code="e">DONATION</subfield>
    <subfield code="g">5303.00</subfield>
    <subfield code="l">1</subfield>
    <subfield code="m">6</subfield>
    <subfield code="o">HF 1379 .M526 2011 </subfield>
    <subfield code="p">C18001</subfield>
    <subfield code="r">2018-05-15 00:00:00</subfield>
    <subfield code="s">2017-08-11</subfield>
    <subfield code="w">2014-05-28</subfield>
    <subfield code="y">BK</subfield>
  </datafield>
</record>
